From mission church to missionary church : (Record no. 3879)

MARC details
000 -LEADER
fixed length control field 00766nam a22002177a 4500
003 - CONTROL NUMBER IDENTIFIER
control field OSt
005 - DATE AND TIME OF LATEST TRANSACTION
control field 20251022031506.0
008 - FIXED-LENGTH DATA ELEMENTS--GENERAL INFORMATION
fixed length control field 250730b |||||||| |||| 00| 0 eng d
020 ## - INTERNATIONAL STANDARD BOOK NUMBER
International Standard Book Number 979-971-510-256-8
040 ## - CATALOGING SOURCE
Original cataloging agency DWCL-Main lib
Transcribing agency OC
082 ## - DEWEY DECIMAL CLASSIFICATION NUMBER
Classification number Fil. 275.99 L429f 2014
100 ## - MAIN ENTRY--PERSONAL NAME
Personal name Layugan, Michael G.
245 ## - TITLE STATEMENT
Title From mission church to missionary church :
Remainder of title Divine Word Missionaries in the Philippines, 1909-1957/
Statement of responsibility, etc. Michael G. Layugan
260 ## - PUBLICATION, DISTRIBUTION, ETC.
Place of publication, distribution, etc. Manila :
Name of publisher, distributor, etc. Logos Publications,
Date of publication, distribution, etc. c2014.
300 ## - PHYSICAL DESCRIPTION
Extent xviii, 609 pages :
Other physical details illustrations ;
Dimensions 24 cm.
504 ## - BIBLIOGRAPHY, ETC. NOTE
Bibliography, etc. note Bibliography: pp. 579-609
650 ## - SUBJECT ADDED ENTRY--TOPICAL TERM
Topical term or geographic name entry element 1.Missions--Philippines.
650 ## - SUBJECT ADDED ENTRY--TOPICAL TERM
Topical term or geographic name entry element 2. Catholic church--Philippines.
650 ## - SUBJECT ADDED ENTRY--TOPICAL TERM
Topical term or geographic name entry element 3. Catholic church.
942 ## - ADDED ENTRY ELEMENTS (KOHA)
Source of classification or shelving scheme Dewey Decimal Classification
Koha item type Book-Filipiniana
Call number prefix Fil.
Suppress in OPAC No
952 ## - LOCATION AND ITEM INFORMATION (KOHA)
--
952 ## - LOCATION AND ITEM INFORMATION (KOHA)
--
952 ## - LOCATION AND ITEM INFORMATION (KOHA)
--
952 ## - LOCATION AND ITEM INFORMATION (KOHA)
--
952 ## - LOCATION AND ITEM INFORMATION (KOHA)
--
Holdings
Withdrawn status Lost status Source of classification or shelving scheme Damaged status Not for loan Home library Current library Shelving location Date acquired Source of acquisition Total Checkouts Full call number Barcode Date last seen Copy number Price effective from Koha item type Uniform Resource Identifier
    Dewey Decimal Classification     College Library College Library Filipiniana 02/12/2016 Donation   Fil. 275.99 L429f 2014 CL51330 07/30/2025 c2 07/30/2025 BK - FIL
    Dewey Decimal Classification     College Library College Library Filipiniana 02/04/2021 Donation   Fil. 275.99 L426f 2014 CL52626 08/20/2025 c3 08/20/2025 BK - FIL
    Dewey Decimal Classification     College Library College Library Filipiniana 06/08/2023 Donation   Fil. 275.99 L426f 2014 CL53775 08/20/2025 c4 08/20/2025 BK - FIL
    Dewey Decimal Classification     College Library College Library Filipiniana 08/31/2023 Donation   Fil. 275.99 L426f 2014 CL53880 08/20/2025 c5 08/20/2025 BK - FIL
    Dewey Decimal Classification     College Library College Library Filipiniana 11/06/2014 Donation   Fil. 275.99 L429f 2014 CL50942 10/22/2025 c1 10/22/2025 BK - FIL